Pokémon - Les attaques de Farfaduvet - Statistiques

Statistiques générales
  • Ce quiz a été pris 19 fois
  • Le résultat moyen est 13 sur 22
Statistiques - réponses
Niveaux Types Noms des attaques % Correct
Départ Fée Charme
83%
Départ Plante Giga-Sangsue
83%
Départ Plante Méga-Sangsue
83%
Départ Plante Vol-Vie
83%
Départ Plante Cotogarde
75%
Départ Plante Éco-Sphère
75%
Départ Fée Pouvoir Lunaire
75%
Départ Vol Vent Violent
75%
Départ Plante Para-Spore
67%
Départ Plante Spore Coton
67%
Départ Vol Tornade
67%
Départ Plante Tranch'Herbe
67%
Départ Plante Vampigraine
67%
Départ Fée Vent Féérique
67%
Départ Feu Zénith
67%
Départ Poison Poudre Toxik
58%
Départ Vol Vent Arrière
58%
Départ Normal Croissance
50%
Départ Plante Lance-Soleil
42%
Départ Ténèbres Souvenir
8%
Départ Normal Coup d'Main
0%
Départ Normal Effort
0%
Aucun quiz correspondant
Distribution des résultats
% des personnes avec chaque résultat
Percentile par nombre de réponses
Votre historique - résultats
Vous n’avez pas pris ce quiz